Learn psychology / (Record no. 4854)
[ view plain ]
| 000 -LEADER | |
|---|---|
| fixed length control field | 01087cam a2200169 a 4500 |
| 020 ## - INTERNATIONAL STANDARD BOOK NUMBER | |
| ISBN | 9780763798987 |
| 050 00 - CALL NUMBER | |
| Classification number | BF81 |
| Item number | .C18 |
| 100 1# - AUTHOR | |
| Personal name | Carter, Kenneth, |
| 245 10 - TITLE | |
| Title | Learn psychology / |
| Statement of responsibility, etc | Kenneth Carter, Colleen M. Seifert ; contributions by Jonna Kwiatkowski. |
| 260 ## - PUBLICATION INFORMATION | |
| Place of publication | Burlington, MA : |
| Name of publisher | Jones & Bartlett Learning, |
| Year of publication | c2013. |
| 300 ## - DESCRIPTION | |
| Number of Pages | xxvii, 678 p. : |
| Other physical details | col. ill. ; |
| Dimensions | 28 cm. |
| 500 ## - NOTES | |
| General note | Includes index. |
| 505 0# - FORMATTED CONTENTS NOTE | |
| Table of Content | CHAPTER 1. Psychology : an overview <br/>CHAPTER 2. A scientific approach to psychology <br/>CHAPTER 3. Neuroscience : the biology of behavior <br/>CHAPTER 4. Sensation and perception <br/>CHAPTER 5. States of Consciousness <br/>CHAPTER 6. Learning <br/>CHAPTER 7. Memory <br/>CHAPTER 8. Thinking and language <br/>CHAPTER 9. Intelligence<br/>CHAPTER 10. Motivation <br/>CHAPTER 11. Emotion, stress, and health <br/>CHAPTER 12. Development throughout the lifespan <br/>CHAPTER 13. Personality <br/>CHAPTER 14. Psychological disorders <br/>CHAPTER 15. Therapies for psychological disorders <br/>CHAPTER 16. Social psychology. |
| 650 #0 - SUBJECTS | |
| Topical Term | Psychology. |
| 700 1# - OTHER AUTHORS | |
| Personal name | Seifert, Colleen M. |
| 942 ## - ADDED ENTRY ELEMENTS (KOHA) | |
| Koha item type | Books |
| Withdrawn status | Lost status | Collection code | Home library | Current library | Shelving location | Date acquired | Full call number | Accession Number | Koha item type |
|---|---|---|---|---|---|---|---|---|---|
| Reference | Methodist University Library Main | Methodist University Library Main | General Stacks | 22/05/2014 | BF81 .C18 | 39519 | Books |